| 000 | 00721nam a2200253 i 4500 | ||
|---|---|---|---|
| 001 | 4626112 | ||
| 003 | GBCCL | ||
| 005 | 20241126110426.0 | ||
| 008 | 800408s1972 xx d 000 0 eng | ||
| 010 | _a 77900372 | ||
| 020 | _c500.00 | ||
| 040 |
_aDLC _cDLC _dDLC |
||
| 041 | 0 | _aengsit | |
| 050 | 0 | 0 |
_aPL4001.P284 _bK3 |
| 082 |
_a423 _bPAI |
||
| 100 | 1 |
_aGuite, Pumkhogin _94788 |
|
| 245 | 1 | 0 |
_aPaite-English dictionary / _ccompiled and edited by Pumkhogin Guite |
| 250 | _aRev. and enlarged | ||
| 260 |
_aChurachandpur: _bPumkhogin guite _c2016 |
||
| 300 |
_a568 p. ; _c23 cm. |
||
| 650 | 0 |
_aEnglish language _xDictionaries _xPaite. _94789 |
|
| 906 |
_a7 _bcbc _corignew _d4 _encip _f19 _gy-gencatlg |
||
| 942 |
_2ddc _cREF |
||
| 999 |
_c2314 _d2314 |
||